[Event "GBR-ch 104th"]
[Site "Llandudno"]
[Date "2017.08.02"]
[Round "5"]
[White "Wall, Tim"]
[Black "Zhu, Richard"]
[Result "1/2-1/2"]
[WhiteElo "2242"]
[BlackElo "2036"]
[PlyCount "194"]
[EventDate "2017.07.29"]
[EventType "swiss"]
[EventRounds "9"]
[EventCountry "WLS"]
[SourceTitle "CBM 179 Extra"]
[Source "ChessBase"]
[SourceDate "2017.08.23"]
[SourceVersion "1"]
[SourceVersionDate "2017.08.23"]
[SourceQuality "1"]

1. d4 e6 2. Nf3 Nf6 3. Bf4 c5 4. e3 b6 5. c3 Bb7 6. Bd3 Be7 7. h3 d6 8. Nbd2 0-0 9. 0-0 cxd4 10. cxd4 Nc6 11. Bh2 Rc8 12. a3 Rc7 13. Qe2 Qa8 14. e4 Rd8 15. Rfe1 h6 16. Rad1 a6 17. Bb1 b5 18. Nb3 Nb8 19. Na5 Nh7 20. Bf4 Nd7 21. Qe3 Ndf8 22. Qb3 Nf6 23. Nxb7 Qxb7 24. Bd2 Rdc8 25. Ba5 Rc6 26. e5 Nd5 27. Be4 Rc4 28. Bb4 Qc7 29. exd6 Bxd6 30. Bxd6 Qxd6 31. Ne5 R4c7 32. Qf3 Nf6 33. Bb1 N8d7 34. Ba2 Nb6 35. Bb3 Nbd5 36. Qg3 a5 37. Qd3 a4 38. Ba2 b4 39. axb4 Nxb4 40. Qa3 Qb6 41. Bb1 Nc2 42. Bxc2 Rxc2 43. Qxa4 Rxb2 44. Nc4 Rxc4 45. Qxc4 Rb4 46. Qc5 Nd5 47. Qxb6 Rxb6 48. Rb1 Rd6 49. g3 Rd7 50. Kg2 Ne7 51. Rbd1 g6 52. Kf3 Kg7 53. Ke4 Kf6 54. Rc1 Nf5 55. Red1 Nd6+ 56. Kf3 Nf5 57. Rc4 g5 58. g4 Ne7 59. Ke4 Nd5 60. Rd3 Kg6 61. Rc5 Nf6+ 62. Kf3 h5 63. Ra5 h4 64. Rb5 Nd5 65. Ke4 Nf4 66. Rf3 Ne2 67. d5 exd5+ 68. Rxd5 Re7+ 69. Re5 Ra7 70. Rff5 f6 71. Re6 Rf7 72. Ke3 Nf4 73. Rxf4 gxf4+ 74. Kxf4 Ra7 75. Re8 Ra4+ 76. Re4 Ra2 77. Kf3 Ra3+ 78. Re3 Ra5 79. Re8 Ra3+ 80. Kg2 Kg7 81. Re3 Ra5 82. f4 Ra2+ 83. Kf3 Rh2 84. Ke4 Kg6 85. Rf3 Rg2 86. Rd3 Re2+ 87. Kd5 Rf2 88. f5+ Kg5 89. Ke6 Ra2 90. Rd7 Ra6+ 91. Kf7 Ra3 92. Rd8 Ra7+ 93. Ke6 Ra6+ 94. Rd6 Ra3 95. Kf7 Ra7+ 96. Ke6 Ra3 97. Rd8 Ra6+ 1/2-1/2

[Event "GBR-ch 103rd"]
[Site "Bournemouth"]
[Date "2016.07.30"]
[Round "6"]
[White "Oyama, Akito"]
[Black "Zhu, Richard"]
[Result "1-0"]
[WhiteElo "2183"]
[BlackElo "1905"]
[PlyCount "119"]
[EventDate "2016.07.25"]
[EventType "swiss"]
[EventRounds "11"]
[EventCountry "ENG"]
[SourceTitle "CBM 173 Extra"]
[Source "ChessBase"]
[SourceDate "2016.08.29"]
[SourceVersion "1"]
[SourceVersionDate "2016.08.29"]
[SourceQuality "1"]

1. e4 c5 2. Nc3 e6 3. f4 d5 4. Nf3 dxe4 5. Nxe4 Nc6 6. g3 Nf6 7. Nf2 b6 8. Bg2 Bb7 9. 0-0 Bd6 10. b3 0-0 11. Bb2 Qe7 12. Nd3 Rad8 13. Qe2 Bb8 14. c4 h6 15. Rad1 Nd4 16. Nxd4 cxd4 17. Ne5 Bxg2 18. Qxg2 Bxe5 19. fxe5 Nh7 20. d3 Rd7 21. Rf4 Qc5 22. Re1 Rfd8 23. Rg4 Qa5 24. Qe2 Qxa2 25. b4 a5 26. Ra1 Qb3 27. bxa5 bxa5 28. Rxa5 Rb8 29. Bc1 Rdb7 30. Ra2 Qc3 31. Rc2 Qa1 32. Kg2 Rb1 33. Ra2 Qc3 34. Bd2 R8b2 35. Bxc3 dxc3 36. Kf3 Rxe2 37. Rxe2 Ng5+ 38. Ke3 Rb2 39. Rf4 c2 40. Rf1 f5 41. Rc1 Nf7 42. Kd4 Ng5 43. Kc3 Rb8 44. Kxc2 h5 45. Kc3 Nf7 46. d4 Rd8 47. Ra1 Ng5 48. c5 Ne4+ 49. Kc4 g5 50. Ra7 g4 51. Rb2 h4 52. c6 hxg3 53. c7 Rc8 54. Rb8 g2 55. Rxc8+ Kg7 56. Rg8+ Kh6 57. c8Q Nd2+ 58. Kb5 g1B 59. Qf8+ Kh5 60. Rh7# 1-0

[Event "GBR-ch 103rd"]
[Site "Bournemouth"]
[Date "2016.07.27"]
[Round "3"]
[White "Zhu, Richard"]
[Black "Mitra, Roman"]
[Result "1-0"]
[WhiteElo "1905"]
[BlackElo "2073"]
[PlyCount "81"]
[EventDate "2016.07.25"]
[EventType "swiss"]
[EventRounds "11"]
[EventCountry "ENG"]
[SourceTitle "CBM 173 Extra"]
[Source "ChessBase"]
[SourceDate "2016.08.29"]
[SourceVersion "1"]
[SourceVersionDate "2016.08.29"]
[SourceQuality "1"]

1. Nf3 c6 2. g3 d6 3. Bg2 Qc7 4. 0-0 g6 5. d4 Bg7 6. c4 Bg4 7. Nc3 Nf6 8. e4 Nbd7 9. Be3 0-0 10. Qc2 Bxf3 11. Bxf3 a6 12. h3 e5 13. Rad1 Rab8 14. Be2 Rfc8 15. b4 exd4 16. Bxd4 b5 17. cxb5 axb5 18. Qd2 Rd8 19. Rc1 Qb7 20. f3 Ra8 21. Rfd1 h5 22. Kg2 Nf8 23. f4 Qe7 24. Bf3 Ne8 25. Ne2 c5 26. Bxg7 Nxg7 27. Nc3 Rab8 28. Nd5 Qe6 29. bxc5 dxc5 30. Rxc5 Nd7 31. Rc6 Qe8 32. Rd6 Kh8 33. Nf6 Qe7 34. Rxd7 Rxd7 35. Nxd7 Rd8 36. f5 Ne8 37. Qh6+ Kg8 38. fxg6 f6 39. Qh7+ Qxh7 40. gxh7+ Kg7 41. Bxh5 1-0

[Event "GBR-ch 102nd"]
[Site "Coventry"]
[Date "2015.08.07"]
[Round "11"]
[White "Zhu, Richard"]
[Black "Menadue, Jeremy FS"]
[Result "0-1"]
[WhiteElo "1869"]
[BlackElo "2042"]
[PlyCount "46"]
[EventDate "2015.07.27"]
[EventType "swiss"]
[EventRounds "11"]
[EventCountry "ENG"]
[SourceTitle "CBM 167 Extra"]
[Source "ChessBase"]
[SourceDate "2015.09.14"]
[SourceVersion "1"]
[SourceVersionDate "2015.09.14"]
[SourceQuality "1"]

1. Nf3 Nf6 2. g3 d5 3. Bg2 c6 4. 0-0 Bf5 5. c4 e6 6. cxd5 exd5 7. d3 Be7 8. Qb3 Qb6 9. Qc2 Nbd7 10. Nc3 h6 11. e4 dxe4 12. dxe4 Be6 13. Be3 Qa5 14. Rfd1 Qh5 15. Nd4 Ng4 16. Nxe6 Qxh2+ 17. Kf1 Nxe3+ 18. fxe3 fxe6 19. Ne2 Rf8+ 20. Nf4 Qxg3 21. Qb3 Nc5 22. Qc3 g5 23. b4 Rxf4+ 0-1

[Event "London Classic rapid op 6th"]
[Site "London"]
[Date "2014.12.06"]
[Round "1"]
[White "Zhu, Richard"]
[Black "Caruana, Fabiano"]
[Result "0-1"]
[WhiteElo "1869"]
[BlackElo "2839"]
[PlyCount "52"]
[EventDate "2014.12.06"]
[EventType "swiss (rapid)"]
[EventRounds "10"]
[EventCountry "ENG"]
[SourceTitle "CBM 163 Extra"]
[Source "ChessBase"]
[SourceDate "2014.12.23"]
[SourceVersion "1"]
[SourceVersionDate "2014.12.23"]
[SourceQuality "1"]

1. Nf3 Nf6 2. g3 c5 3. Bg2 d5 4. 0-0 g6 5. d4 cxd4 6. Nxd4 Bg7 7. Na3 Nc6 8. Nxc6 bxc6 9. c4 0-0 10. Qc2 Bf5 11. Qa4 Qb6 12. Qb3 Qxb3 13. axb3 Rab8 14. cxd5 cxd5 15. Be3 Rxb3 16. Bxa7 Rxb2 17. Bf3 Ne4 18. Bxe4 Bxe4 19. f3 Rb7 20. fxe4 Rxa7 21. Ra2 dxe4 22. Rb1 Rfa8 23. Rb3 Bd4+ 24. e3 Bc5 25. Rc3 Bxa3 26. Rc4 f5 0-1

[Event "EU-ch U14 24th"]
[Site "Batumi"]
[Date "2014.10.24"]
[Round "6"]
[White "Burri, Quentin"]
[Black "Zhu, Richard"]
[Result "1-0"]
[WhiteElo "2312"]
[BlackElo "1751"]
[PlyCount "58"]
[EventDate "2014.10.19"]
[EventType "swiss"]
[EventRounds "9"]
[EventCountry "GEO"]
[SourceTitle "EXT 2015"]
[Source "ChessBase"]
[SourceDate "2014.11.20"]
[SourceVersion "1"]
[SourceVersionDate "2014.11.20"]
[SourceQuality "1"]

1. e4 e6 2. d4 d5 3. Nd2 Nf6 4. e5 Nfd7 5. Bd3 c5 6. c3 Nc6 7. Ne2 cxd4 8. cxd4 f6 9. exf6 Nxf6 10. 0-0 Bd6 11. Nf3 Qc7 12. Bd2 0-0 13. Rc1 Bd7 14. Ng3 Qb6 15. Bc3 Bf4 16. Rc2 Nb4 17. Bxb4 Qxb4 18. Ne2 Bd6 19. Nc3 Rae8 20. Re1 g6 21. a3 Qb6 22. Rce2 a6 23. Bb1 Re7 24. Ba2 Rfe8 25. Qd2 Kg7 26. h3 Qc7 27. Nxd5 Rf8 28. g3 Qc8 29. Kh2 Qe8 1-0

[Event "EU-ch U14 24th"]
[Site "Batumi"]
[Date "2014.10.22"]
[Round "4"]
[White "Kololli, Martin"]
[Black "Zhu, Richard"]
[Result "0-1"]
[WhiteElo "2182"]
[BlackElo "1751"]
[PlyCount "100"]
[EventDate "2014.10.19"]
[EventType "swiss"]
[EventRounds "9"]
[EventCountry "GEO"]
[SourceTitle "EXT 2015"]
[Source "ChessBase"]
[SourceDate "2014.11.20"]
[SourceVersion "1"]
[SourceVersionDate "2014.11.20"]
[SourceQuality "1"]

1. e4 e6 2. d4 d5 3. Nd2 Nf6 4. Bd3 c5 5. c3 Nc6 6. Ngf3 cxd4 7. cxd4 dxe4 8. Nxe4 Be7 9. 0-0 0-0 10. Nc3 Nb4 11. Bb1 Bd7 12. a3 Nbd5 13. Qd3 Bc6 14. Re1 Rc8 15. Bg5 g6 16. Bh6 Re8 17. Ne5 Qc7 18. Ba2 Bf8 19. Bg5 Bg7 20. Rac1 Qd6 21. Nxc6 Rxc6 22. Ne4 Nxe4 23. Qxe4 Nf6 24. Qh4 Nd5 25. Rxc6 Qxc6 26. Qe4 Rc8 27. g3 h6 28. Rc1 Qd7 29. Rxc8+ Qxc8 30. Bd2 Nf6 31. Qd3 Qc6 32. Bc3 Qe4 33. Qxe4 Nxe4 34. d5 Bxc3 35. bxc3 Nxc3 36. dxe6 Kf8 37. Bb3 f6 38. f4 Ke7 39. h4 h5 40. Kg2 Nb5 41. g4 Nd4 42. Bd5 Nxe6 43. Bxb7 hxg4 44. Kg3 f5 45. Bd5 Kf6 46. Bc4 a5 47. a4 Nc5 48. Bb5 Ne4+ 49. Kg2 Nc3 50. Be8 Ne2 0-1

[Event "EU-ch U14 24th"]
[Site "Batumi"]
[Date "2014.10.20"]
[Round "2"]
[White "Nizamov, Bulat"]
[Black "Zhu, Richard"]
[Result "1/2-1/2"]
[WhiteElo "2092"]
[BlackElo "1751"]
[PlyCount "82"]
[EventDate "2014.10.19"]
[EventType "swiss"]
[EventRounds "9"]
[EventCountry "GEO"]
[SourceTitle "EXT 2015"]
[Source "ChessBase"]
[SourceDate "2014.11.20"]
[SourceVersion "1"]
[SourceVersionDate "2014.11.20"]
[SourceQuality "1"]

1. d4 d5 2. c4 e6 3. Nf3 Nf6 4. Nc3 c6 5. Bg5 Nbd7 6. e3 Qa5 7. Nd2 dxc4 8. Bxf6 Nxf6 9. Nxc4 Qc7 10. Bd3 Be7 11. 0-0 0-0 12. Rc1 Rd8 13. a3 Bd7 14. b4 Be8 15. f4 b6 16. Ne4 Nd5 17. Qf3 a5 18. bxa5 b5 19. Nb6 Nxb6 20. axb6 Qxb6 21. Nc5 Rxa3 22. Qe4 g6 23. Bb1 Qc7 24. g4 Bf6 25. Rf3 Qa7 26. Kh1 Qa5 27. Rcf1 Qb4 28. Nxe6 fxe6 29. Qxe6+ Kg7 30. g5 Bxd4 31. exd4 Rxf3 32. Qf6+ Kg8 33. Ba2+ Rd5 34. Bxd5+ cxd5 35. Rxf3 Qe1+ 36. Kg2 Qe2+ 37. Rf2 Qe4+ 38. Kf1 Qb1+ 39. Ke2 Qc2+ 40. Kf3 Qd3+ 41. Kg2 Qe4+ 1/2-1/2

[Event "Sunningdale e2e4 U2050 op 05"]
[Site "Sunningdale"]
[Date "2014.05.24"]
[Round "3"]
[White "Zhu, Richard"]
[Black "Jacob, Sydney J"]
[Result "1-0"]
[WhiteElo "1686"]
[BlackElo "1925"]
[PlyCount "71"]
[EventDate "2014.05.23"]
[EventType "swiss"]
[EventRounds "7"]
[EventCountry "ENG"]
[SourceTitle "EXT 2015"]
[Source "ChessBase"]
[SourceDate "2014.11.20"]
[SourceVersion "1"]
[SourceVersionDate "2014.11.20"]
[SourceQuality "1"]

1. d4 g6 2. c4 Bg7 3. e4 c5 4. d5 d6 5. Nc3 Bxc3+ 6. bxc3 f5 7. Bd3 fxe4 8. Bxe4 Nf6 9. Bd3 Nbd7 10. Nf3 Qa5 11. Qc2 Ne5 12. Nxe5 dxe5 13. 0-0 e4 14. Bxe4 Nxe4 15. Qxe4 Qxc3 16. Re1 0-0 17. Bh6 Bf5 18. Qh4 Rf7 19. Rac1 Qd4 20. Qxd4 cxd4 21. Rcd1 d3 22. g4 Bxg4 23. Rxd3 Rc8 24. Rde3 Rxc4 25. Rxe7 Rxe7 26. Rxe7 Bh3 27. f4 Rc1+ 28. Kf2 Bf5 29. Rg7+ Kh8 30. Rxb7 Rc2+ 31. Kg3 Rc3+ 32. Kh4 Kg8 33. Rg7+ Kh8 34. Rxa7 Rh3+ 35. Kg5 Kg8 36. Kf6 1-0

[Event "Sunningdale e2e4 U2200 op 04"]
[Site "Sunningdale"]
[Date "2014.04.20"]
[Round "7"]
[White "Zhu, Richard"]
[Black "Hand, Freddie"]
[Result "1/2-1/2"]
[WhiteElo "1650"]
[BlackElo "1754"]
[PlyCount "77"]
[EventDate "2014.04.17"]
[EventType "swiss"]
[EventRounds "7"]
[EventCountry "ENG"]
[SourceTitle "EXT 2015"]
[Source "ChessBase"]
[SourceDate "2014.11.20"]
[SourceVersion "1"]
[SourceVersionDate "2014.11.20"]
[SourceQuality "1"]

1. d4 d5 2. c4 c6 3. Nf3 Nf6 4. g3 Bf5 5. Bg2 e6 6. 0-0 h6 7. Nc3 Nbd7 8. cxd5 exd5 9. Bf4 Be7 10. a3 0-0 11. b4 a6 12. Na4 Rc8 13. Nc5 Nxc5 14. bxc5 b6 15. Qa4 bxc5 16. dxc5 Bxc5 17. Qxa6 Qd7 18. Ne5 Qe6 19. Rac1 Ra8 20. Qxc6 Bxa3 21. Rcd1 Rfc8 22. Qb7 g5 23. Bxd5 Nxd5 24. Rxd5 gxf4 25. Qxf7+ Qxf7 26. Nxf7 Kxf7 27. Rxf5+ Kg6 28. Rxf4 Bc5 29. Rd1 Ra2 30. e3 Rb8 31. Rc1 Ba7 32. Rc6+ Kg7 33. Rg4+ Kf7 34. Rf4+ Ke7 35. Rxh6 Rbb2 36. Rh7+ Ke6 37. Rh6+ Ke7 38. Rh7+ Ke6 39. Rh6+ 1/2-1/2

[Event "Sunningdale e2e4 U2200 op 04"]
[Site "Sunningdale"]
[Date "2014.04.17"]
[Round "1"]
[White "Zhu, Richard"]
[Black "Boni, Carl"]
[Result "1/2-1/2"]
[WhiteElo "1650"]
[BlackElo "1850"]
[PlyCount "77"]
[EventDate "2014.04.17"]
[EventType "swiss"]
[EventRounds "7"]
[EventCountry "ENG"]
[SourceTitle "EXT 2015"]
[Source "ChessBase"]
[SourceDate "2014.11.20"]
[SourceVersion "1"]
[SourceVersionDate "2014.11.20"]
[SourceQuality "1"]

1. d4 Nf6 2. c4 e6 3. g3 d5 4. Bg2 c6 5. Nf3 dxc4 6. 0-0 Be7 7. Ne5 0-0 8. Nc3 Nbd7 9. Nxc4 Nb6 10. Ne5 Qc7 11. Bf4 Nh5 12. Nxc6 Nxf4 13. Nxe7+ Qxe7 14. gxf4 Rd8 15. e3 Rb8 16. Rc1 Bd7 17. Qe2 a6 18. Rc2 Rdc8 19. Rfc1 Bc6 20. Bxc6 Rxc6 21. Ne4 Rxc2 22. Qxc2 f5 23. Nc5 Rc8 24. Qb3 Nd5 25. Nd3 Rxc1+ 26. Nxc1 Qh4 27. Ne2 Qg4+ 28. Ng3 h5 29. Kf1 h4 30. Ne2 Qh3+ 31. Kg1 Qf3 32. Qd1 Qg4+ 33. Kh1 Qf3+ 34. Kg1 h3 35. Qf1 Nb4 36. Nc1 Qg4+ 37. Kh1 Qf3+ 38. Kg1 b5 39. a3 1/2-1/2

[Event "GBR-ch 100th U13"]
[Site "Torquay"]
[Date "2013.08.01"]
[Round "5"]
[White "Haridas, Girinath"]
[Black "Zhu, Richard"]
[Result "0-1"]
[WhiteElo "1750"]
[BlackElo "1635"]
[PlyCount "88"]
[EventDate "2013.07.29"]
[EventType "swiss"]
[EventRounds "7"]
[EventCountry "ENG"]
[SourceTitle "EXT 2019"]
[Source "ChessBase"]
[SourceDate "2018.10.10"]
[SourceVersion "1"]
[SourceVersionDate "2018.10.10"]
[SourceQuality "1"]

1. d4 Nf6 2. c4 e6 3. Nf3 d5 4. Nc3 c6 5. Bg5 Nbd7 6. e3 Qa5 7. cxd5 Nxd5 8. Qd2 Bb4 9. Rc1 h6 10. Bh4 c5 11. Be2 cxd4 12. Nxd4 0-0 13. Nb3 Qb6 14. 0-0 N7f6 15. Bf3 Nxc3 16. bxc3 Be7 17. Bg3 Bd7 18. Rb1 Bc6 19. Nd4 Qd8 20. Bxc6 bxc6 21. Rfd1 Qd7 22. Nf5 exf5 23. Qxd7 Nxd7 24. Rxd7 Bf6 25. Bc7 Bxc3 26. Rc1 Bf6 27. Rxc6 Rac8 28. Rc5 Rfd8 29. Rxd8+ Bxd8 30. Bd6 Rxc5 31. Bxc5 Bb6 32. Bxb6 axb6 33. Kf1 Kf8 34. Ke2 Ke7 35. Kd3 Kd7 36. Kd4 Kd6 37. a4 g6 38. f3 g5 39. e4 fxe4 40. fxe4 f6 41. g4 Kc6 42. Kc4 Kd6 43. Kb5 Kc7 44. Kc4 Kc6 0-1

[Event "Hampstead op U2200 07"]
[Site "Hampstead"]
[Date "2013.07.20"]
[Round "2"]
[White "Sagues, Vincent"]
[Black "Zhu, Richard"]
[Result "1/2-1/2"]
[WhiteElo "1939"]
[BlackElo "1622"]
[PlyCount "114"]
[EventDate "2013.07.20"]
[EventType "swiss"]
[EventRounds "5"]
[EventCountry "ENG"]
[SourceTitle "EXT 2023"]
[Source "ChessBase"]
[SourceDate "2022.10.05"]
[SourceVersion "1"]
[SourceVersionDate "2022.10.05"]
[SourceQuality "1"]

1. e4 c5 2. Nf3 Nc6 3. d4 cxd4 4. Nxd4 Nf6 5. Nc3 e5 6. Ndb5 d6 7. Bg5 a6 8. Na3 b5 9. Nd5 Be7 10. Bxf6 Bxf6 11. c4 b4 12. Nc2 Rb8 13. b3 0-0 14. g3 Bg5 15. Bg2 f5 16. exf5 Bxf5 17. Nce3 Bxe3 18. Nxe3 Nd4 19. 0-0 Qd7 20. Re1 Bh3 21. Bd5+ Be6 22. Be4 Rf7 23. Qd3 Nf3+ 24. Bxf3 Rxf3 25. Qe2 Rbf8 26. Rad1 Bh3 27. Rd2 Qf7 28. Red1 Qh5 29. Qd3 R8f6 30. Qd5+ Qf7 31. Qxf7+ Kxf7 32. Nd5 Rh6 33. Nxb4 Rff6 34. Nd5 Rfg6 35. Ne3 Bc8 36. Rd3 Ke7 37. b4 Rh5 38. a4 Bb7 39. h4 Be4 40. R3d2 Rxh4 41. Ng2 Bxg2 42. Kxg2 Rxc4 43. Rb1 Rgg4 44. b5 axb5 45. axb5 Rb4 46. Rbd1 Rxb5 47. Rxd6 e4 48. Rd7+ Ke6 49. R1d2 Rbg5 50. R7d6+ Kf7 51. R2d4 h5 52. Rd7+ Kg6 53. R4d6+ Kh7 54. Rd5 h4 55. Rxg5 Rxg5 56. Re7 hxg3 57. fxg3 Kg6 1/2-1/2

[Event "High Wycombe e2e4 Major op 03"]
[Site "High Wycombe"]
[Date "2012.03.18"]
[Round "5"]
[White "Zhu, Richard"]
[Black "Head, Louise"]
[Result "1/2-1/2"]
[WhiteElo "1726"]
[BlackElo "1773"]
[PlyCount "66"]
[EventDate "2012.03.16"]
[EventType "swiss"]
[EventRounds "5"]
[EventCountry "ENG"]
[SourceTitle "EXT 2014"]
[Source "ChessBase"]
[SourceDate "2013.11.20"]
[SourceVersion "1"]
[SourceVersionDate "2013.11.20"]
[SourceQuality "1"]

1. d4 f5 2. c4 Nf6 3. Nf3 e6 4. Nc3 Be7 5. Qc2 0-0 6. Bf4 d6 7. e3 Qe8 8. Bd3 Nc6 9. a3 Bd8 10. Bg3 Nh5 11. 0-0-0 e5 12. dxe5 dxe5 13. e4 f4 14. Bh4 Bg4 15. Bxd8 Nd4 16. Qb1 Rxd8 17. Be2 Qe6 18. Qa2 Nf6 19. Ng5 Qe7 20. f3 Bd7 21. c5+ Kh8 22. Bc4 Nd5 23. Nxd5 Qxg5 24. Rd2 c6 25. Nb4 Qe7 26. Nd3 b5 27. cxb6 axb6 28. Rhd1 c5 29. Bd5 Rc8 30. Kb1 Bc6 31. Bxc6 Rxc6 32. Ne1 h6 33. Nc2 Rd8 1/2-1/2